000 00688nam a2200289Ia 4500
005 20260324145237.0
008 008 260324s9999 xx 000 0 eng d
020 _a9780429049354
037 _aEBOOK
040 _aCRL
040 _beng
040 _cCRL
041 _2eng
041 _aeng
084 _qCRL
100 _aNaomi Chazan
_91222276
245 3 _aAn Anatomy Of Ghanaian Politics
245 0 _bManaging Political Recession, 1969-1982
260 _bTaylor and Francis
260 _c1983
365 _a
365 _b230
856 _uhttp://www.taylorfrancis.com/books/9780429049354
942 _cEBOOK
999 _c1829902
_d1829902